|
|
|
|
| LEADER |
00000cam a2200000 7i4500 |
| 001 |
0000002268 |
| 005 |
20030422.0 |
| 090 |
0 |
0 |
|a 634.92
|b FRI 1988
|
| 110 |
1 |
0 |
|a FRI Seminar
|k 1988
|j Quezon City, Philippines
|
| 245 |
1 |
4 |
|a The Philippine forest resources inventory, application of results to forest policy :
|b proceedings ... 15 - 19 February 1988, Quezon City, Philippines
|c ed. by Ralph Lennertz and Konrad Uebelhor
|
| 260 |
0 |
0 |
|a Philippines :
|b Philippines-German Forest Resources Inventory Project ,
|c 1988
|
| 300 |
|
|
|a 202 p. ;
|c 30 cm.
|
| 500 |
0 |
0 |
|a Includes bibliographies
|
| 650 |
0 |
0 |
|a Forest Policy
|x Congresses
|
| 650 |
0 |
0 |
|a Forests and forestry
|x Inventories
|x Congresses
|
| 700 |
0 |
1 |
|a Lennertz
|h Ralph
|
| 700 |
0 |
1 |
|a Uebelhor
|h Konrad
|
| 998 |
|
|
|a JPSM
|
| 999 |
|
|
|a 0000004031
|b Monograph
|c Open Shelf
|e Default branch
|